Практикум по организации и менеджменту туризма и гостиничного хозяйства: учебное пособие

Detalles Bibliográficos
Autor Principal: Косолапов А. Б. Александр Борисович
Outros autores: Елисеева Т. И. Татьяна Ивановна
Summary:Исключено из фонда НТБ ТПУ
Idioma:ruso
Publicado: Москва, КноРус, 2007
Edición:3-е изд., испр.
Formato: Libro
KOHA link:https://koha.lib.tpu.ru/cgi-bin/koha/opac-detail.pl?biblionumber=120390

MARC

LEADER 00000nam0a2200000 4500
001 120390
005 20231031124951.0
010 |a 9785859717873 
035 |a (RuTPU)RU\TPU\book\130358 
090 |a 120390 
100 |a 20070827d2007 m y0rusy50 ca 
101 0 |a rus 
102 |a RU 
105 |a y j 001zy 
200 1 |a Практикум по организации и менеджменту туризма и гостиничного хозяйства  |e учебное пособие  |f А. Б. Косолапов, Т. И. Елисеева 
205 |a 3-е изд., испр. 
210 |a Москва  |c КноРус  |d 2007 
215 |a 200 с. 
320 |a Литература: с. 199. 
333 |a Исключено из фонда НТБ ТПУ 
451 1 |0 (RuTPU)RU\TPU\book\90731  |y 5-85971-132-8  |t Практикум по организации и менеджменту туризма и гостиничного хозяйства  |o учебное пособие  |f А. Б. Косолапов, Т. И. Елисеева  |c М.  |n Кнорус  |d 2005  |p 201 с.  |a Косолапов, Александр Борисович 
686 |a У9(2)43я73  |v LBC/SL-A  |2 rubbk 
700 1 |a Косолапов  |b А. Б.  |g Александр Борисович 
701 1 |a Елисеева  |b Т. И.  |g Татьяна Ивановна 
801 1 |a RU  |b 63413507  |c 20070827  |g PSBO 
801 2 |a RU  |b 63413507  |c 20220331  |g PSBO 
942 |c BK 
959 |a 48/20070816  |d 1  |e 80,00  |f ЧЗГЛ:1